000 00391nam a22001457a 4500
020 _a9789812438720
040 _cNust
082 _a510.2462
_bONE
100 _aO'Neil, V Peter
_9123366
245 _aAdvanced Engineering Mathematics
250 _a5th Edition
260 _aAustralia:
_bThomson Brooks/Cole,
_c2003.
650 _aAdvanced Engineering Mathematics
_962117
942 _2ddc
_cBK
999 _c609579
_d609579